Diccionario de contabilidad /

Guardado en:
Bibliografiske detaljer
Hovedforfatter: Codera Martín, José María (autor)
Format: Bog
Sprog:spansk
Udgivet: Madrid, España : Pirámide, 1990, c1990
Udgivelse:7a edición
Fag:
Tags: Tilføj Tag
Ingen Tags, Vær først til at tagge denne postø!

MARC

LEADER 00000nam^a2200000^a^4500
001 000033473
005 20250521000000.0
009 20260310085158.58
020 |a 84-368-0373-6 
037 |a Acervo ITESO - Biblioteca 
041 |a ESP 
082 |a 657. 03  |b COD 
100 |a Codera Martín, José María  |e (autor) 
245 1 0 |a Diccionario de contabilidad /  |c J.M. Cordera Martín. 
250 |a 7a edición  |b revisada y aumentada 
264 4 |a Madrid, España :  |b Pirámide,  |c 1990, c1990 
300 |a 310 p. 
336 |a texto  |b txt  |2 rdacontenido 
337 |a sin mediación  |b n  |2 rdamedio 
338 |a volumen  |b nc  |2 rdasoporte 
649 |a XX 
650 |a Contabilidad -  |x Enciclopedias y Diccionarios -  |x Tema Principal 
650 |a Ciencias Administrativas 
650 |a Enciclopedias y Diccionarios 
910 |a Fondo General 
920 |a Impresos - Libros 
930 |a Obras de Referencia 
905 |a 102 
901 |a 0334730100  |b IT2  |c REF  |i 033473  |u 20250521 
902 |a https://opac.biblio.iteso.mx/vufind/Record/000033473